NFL STARS .. WHICH COLLEGE ARE THEY FROM? - Statistics

General Stats
  • This quiz has been taken 325 times
  • The average score is 16 of 20
Answer Stats
Hint Answer % Correct
Patrick Mahomes Texas Tech
97%
Joe Burrow LSU
94%
Aaron Rodgers California
93%
Lamar Jackson Louisville
91%
Jalen Hurts Oklahoma
91%
Justin Herbert Oregon
89%
Derrick Henry Alabama
88%
Odell Beckham Jr LSU
88%
Travis Kelce Cincinnati
84%
CeeDee Lamb Oklahoma
82%
Brock Purdy Iowa St
81%
Josh Jacobs Alabama
74%
Nick Chubb Georgia
72%
Davante Adams Fresno St
67%
AJ Brown Ole Miss
67%
DeAndre Hopkins Clemson
66%
Terry McLaurin Ohio St
64%
Mike Evans Texas A&M
63%
Alvin Kamara Tennessee
60%
Keenan Allen California
40%
No matching quizzes found
Score Distribution
Percent of People with Each Score
Percentile by Number Answered
Your Score History
You have not taken this quiz